Municipalities of South Tyrol with a Map - Statistics

General Stats
  • This quiz has been taken 292 times
  • The average score is 48 of 116
Answers on the Map
Answers color-coded by a green-red scale on the quiz's map according to % correct below.
 
Answer Stats
District Population Municipality % Correct
Bolzano 107.407 Bolzano
96%
Burggrafenamt 41.170 Merano
91%
Wipp Valley 7.044 Sterzing
86%
Eisack Valley 22.572 Brixen
82%
Puster Valley 16.774 Bruneck
81%
Burggrafenamt 12.467 Lana
69%
Eisack Valley 5.219 Klausen
67%
Überetsch-Unterland 8.085 Kaltern an der Weinstraße
66%
Puster Valley 3.349 Innichen
65%
Vinschgau 5.287 Mals
65%
Vinschgau 6.242 Schlanders
63%
Puster Valley 1.879 Sexten
63%
Wipp Valley 2.252 Brenner
62%
Salten-Schlern 7.160 Sarntal
62%
Überetsch-Unterland 18.029 Leifers
61%
Überetsch-Unterland 14.932 Eppan an der Weinstraße
60%
Puster Valley 3.346 Toblach
58%
Überetsch-Unterland 5.463 Neumarkt
57%
Vinschgau 905 Glurns
55%
Überetsch-Unterland 3.875 Auer
54%
Salten-Schlern 6.881 Kastelruth
54%
Salten-Schlern 7.966 Ritten
54%
Überetsch-Unterland 3.807 Salurn an der Weinstraße
54%
Vinschgau 5.889 Naturns
53%
Salten-Schlern 4.864 St. Ulrich in Gröden
53%
Salten-Schlern 2.586 Wolkenstein in Gröden
53%
Puster Valley 2.911 Rasen-Antholz
51%
Vinschgau 2.386 Graun im Vinschgau
50%
Burggrafenamt 2.911 Ulten
50%
Burggrafenamt 2.443 Tirol
49%
Überetsch-Unterland 3.438 Tramin an der Weinstraße
49%
Burggrafenamt 5.025 Algund
48%
Wipp Valley 1.005 Franzensfeste
48%
Burggrafenamt 3.569 St. Leonhard in Passeier
48%
Puster Valley 1.754 St. Martin in Thurn
48%
Puster Valley 5.517 Sand in Taufers
46%
Vinschgau 1.839 Schluderns
46%
Vinschgau 1.150 Stilfs
46%
Puster Valley 6.015 Ahrntal
45%
Burggrafenamt 3.244 St. Martin in Passeier
45%
Vinschgau 5.198 Latsch
44%
Eisack Valley 3.161 Mühlbach
44%
Burggrafenamt 2.916 Schenna
44%
Salten-Schlern 3.616 Völs am Schlern
44%
Vinschgau 3.646 Prad am Stilfserjoch
43%
Vinschgau 1.245 Schnals
43%
Überetsch-Unterland 4.538 Terlan
43%
Vinschgau 4.094 Laas
42%
Vinschgau 829 Martell
42%
Burggrafenamt 1.979 Nals
42%
Salten-Schlern 2.015 St. Christina in Gröden
42%
Vinschgau 958 Taufers im Münstertal
42%
Salten-Schlern 3.977 Deutschnofen
40%
Puster Valley 2.919 Welsberg-Taisten
40%
Überetsch-Unterland 2.783 Branzoll
39%
Puster Valley 1.376 Corvara
39%
Burggrafenamt 2.066 Moos in Passeier
39%
Vinschgau 3.815 Partschins
39%
Salten-Schlern 1.999 Welschnofen
39%
Burggrafenamt 760 Unsere Liebe Frau im Walde-St. Felix
38%
Überetsch-Unterland 1.281 Margreid an der Weinstraße
37%
Puster Valley 545 Prettau
37%
Puster Valley 3.879 St. Lorenzen
37%
Burggrafenamt 973 Vöran
37%
Burggrafenamt 1.751 Gargazon
36%
Puster Valley 654 Prags
36%
Puster Valley 3.471 Abtei
35%
Burggrafenamt 1.903 Burgstall
35%
Überetsch-Unterland 2.219 Kurtatsch an der Weinstraße
35%
Eisack Valley 2.746 Lajen
35%
Puster Valley 3.170 Olang
35%
Wipp Valley 4.538 Ratschings
35%
Eisack Valley 4.794 Vahrn
35%
Burggrafenamt 780 Hafling
34%
Burggrafenamt 2.814 Marling
34%
Eisack Valley 3.245 Natz-Schabs
34%
Salten-Schlern 3.074 Jenesien
33%
Überetsch-Unterland 1.714 Montan
33%
Puster Valley 2.325 Gsies
32%
Vinschgau 2.286 Kastelbell-Tschars
32%
Salten-Schlern 1.694 Mölten
32%
Burggrafenamt 1.394 Riffian
32%
Eisack Valley 2.571 Villnöß
32%
Überetsch-Unterland 1.038 Andrian
31%
Puster Valley 3.324 Vintl
31%
Puster Valley 3.118 Enneberg
30%
Puster Valley 3.298 Gais
30%
Eisack Valley 1.555 Lüsen
30%
Puster Valley 1.759 Terenten
30%
Puster Valley 2.927 Kiens
29%
Eisack Valley 191 Waidbruck
28%
Überetsch-Unterland 1.656 Aldein
27%
Wipp Valley 2.667 Freienfeld
27%
Überetsch-Unterland 653 Kurtinig an der Weinstraße
27%
Puster Valley 1.598 Percha
27%
Überetsch-Unterland 1.050 Pfatten
27%
Burggrafenamt 1.994 Tisens
27%
Überetsch-Unterland 1.056 Truden im Naturpark
27%
Burggrafenamt 1.544 Tscherms
27%
Eisack Valley 1.825 Villanders
27%
Eisack Valley 1.754 Barbian
26%
Puster Valley 1.602 Niederdorf
25%
Burggrafenamt 1.541 St. Pankraz
25%
Eisack Valley 3.421 Karneid
24%
Puster Valley 2.860 Pfalzen
24%
Puster Valley 1.398 Wengen
24%
Eisack Valley 2.988 Feldthurns
23%
Wipp Valley 3.090 Pfitsch
23%
Puster Valley 1.421 Mühlwald
22%
Burggrafenamt 386 Kuens
21%
Vinschgau 737 Plaus
20%
Überetsch-Unterland 395 Altrei
19%
Burggrafenamt 256 Proveis
19%
Salten-Schlern 1.010 Tiers
19%
Burggrafenamt 338 Laurein
18%
Eisack Valley 1.262 Rodeneck
16%
No matching quizzes found
Score Distribution
Percent of People with Each Score
Percentile by Number Answered
Your Score History
You have not taken this quiz